000 00996nam a2200253Ia 4500
005 20240530110946.0
008 140319s2021 ua a g 000 0 ara d
017 _bمصر. دار الكتب
_a2020/9542
020 _a9789776752498
040 _aGCL /
_cGCL
082 0 4 _221
_a155.916
_bر ج
100 0 _aرانيا محمود مسعد
245 1 0 _aجائحة كورونا COVID - 19 واثرها على الصحة النفسية والعلاقات الاجتماعية /
_cرانيا محمود مسعد
250 _aط. 2
260 _aالقاهرة :
_bروابط للنشر وتقنية المعلومات،
_c2021.
300 _a138 ص. :
_bايض ؛
_c24 سم.
650 0 7 _aكورونا
650 0 7 _aكورونا
_xالصحة النفسية
650 0 7 _aكورونا
_xالجوانب الاجتماعية
650 0 7 _aالامراض المعدية
650 0 7 _aالامراض
_xعدوى
942 _2ddc
_cBK
999 _c66902
_d66902